[Event "DEM U12/U12w 2000"]
[Site "Überlingen GER"]
[Date "2000.06.07"]
[Round "6"]
[White "Walker, Maria"]
[Black "Weber, Julia"]
[Result "1-0"]
[Termination "normal"]
[Board "48"]
[WhiteElo "844"]
[BlackElo "452"]
[PlyCount "119"]
[EventCountry "GER"]
[EventRounds "11"]
[EventType "swiss"]
[EventDate "2000.06.03"]

1. d4 d5 2. Nf3 Nf6 3. e3 Bg4 4. Bd3 Nc6 5. c3 e6 6. Nbd2 Bd6 7. O-O e5 8. dxe5
Nxe5 9. Bc2 c6 10. Kh1 Bc7 11. g3 Qd6 12. Qe2 h5 13. Bd1 h4 14. Qe1 hxg3 15.
fxg3 Ne4 16. Nxe4 dxe4 17. Nxe5 Bxd1 18. Qxd1 Qxd1 19. Rxd1 Bxe5 20. c4 a5 21.
Rb1 b5 22. cxb5 cxb5 23. Rd5 Bf6 24. Rxb5 g6 25. Bd2 a4 26. Rb4 a3 27. b3 Rd8
28. Rxe4+ Kf8 29. Bb4+ Kg7 30. Rc1 Rd2 31. Bxd2 Rd8 32. Bb4 Bb2 33. Rb1 f5 34.
Re7+ Kf6 35. Ra7 Rd3 36. Bxa3 Bxa3 37. Rxa3 Rxe3 38. Ra5 Kg5 39. Rb2 Kg4 40.
Kg2 g5 41. Rf2 f4 42. gxf4 gxf4 43. Ra4 Kf5 44. Raxf4+ Ke5 45. h4 Rc3 46. Rf8
Rc6 47. R2f5+ Kd6 48. R5f6+ Kd5 49. Rxc6 Kxc6 50. Rf5 Kd6 51. h5 Ke6 52. Rf3
Ke5 53. h6 Ke6 54. h7 Ke7 55. h8=Q Ke6 56. Qh5 Kd6 57. Rf6+ Ke7 58. Rg6 Kf7 59.
Qh7+ Kf8 60. Rg8# 1-0